| 000 | 00525nam a2200145Ia 4500 | ||
|---|---|---|---|
| 008 | 190723s9999 xx 000 0 und d | ||
| 020 | _a9781626255760 | ||
| 100 | _aAbblett, Mitch R. | ||
| 245 |
_cMitch R. Abblett _aHelping your angry teen: _bhow to reduce anger and build connection using mindfulness and positive psychology/ |
||
| 260 |
_aCalifornia: _bNew Harbinger Publications, Inc. _c2017 |
||
| 300 |
_aix, 160 p. : _c220 cm. |
||
| 500 | _aIncludes index | ||
| 650 | _aanger management | ||
| 650 | _aMindfulness (psycho) | ||
| 999 |
_c362015 _d362015 |
||